000 00803nam a2200253 a 4500
005 20150922095919.0
008 140221b1998 -CN||||| |||| 00| 0 eng d
020 _a0969272723
040 _aCO-BoIAVH
_cCO-BoIAVH
041 _aeng
044 _acn
082 _a595.7097
111 _aInternational Congress of Entomology
_cVancouver
_d1988
_939306
245 _aInsects of Canada
_ba synopsis prepared for delegates to the XVIIIth International Congress of Entomology
260 _aOttawa
_bBiological Survey of Canadá
_c1988
300 _a18 p.
650 _aInsectos
_939307
650 _aDistribución geográfica
_939308
650 _aHistoria natural
_939309
650 _aAdaptación
_939310
650 _aColecciones biológicas
_zCanada
_939311
662 _aCanada
942 _cLIBRO
_2ddc
999 _c681
_d681